000 00330nam a22001337a 4500
008 170214b xxu||||| |||| 00| 0 eng d
020 _a9780817640460
041 _aeng
080 _a61
100 _a4
101 _aSHM
245 _aNITRIC OXIDE AND THE REGULATION OF THE PERIPHERAL CIRCULATION
_cKADOWITZ, P.J
942 _2udc
_cBK
999 _c5366
_d5366